Govt. of
Madhya Pradesh

SSC रीजनिंग चैप्‍टरवाइज 7000+TCS MCQ (Record no. 68166)

MARC details
000 -LEADER
fixed length control field 00304nam a22001097a 4500
082 ## - DEWEY DECIMAL CLASSIFICATION NUMBER
Classification number 160
100 ## - MAIN ENTRY--AUTHOR NAME
Personal name वरूण बाली
245 ## - TITLE STATEMENT
Title SSC रीजनिंग चैप्‍टरवाइज 7000+TCS MCQ
260 ## - PUBLICATION, DISTRIBUTION, ETC. (IMPRINT)
Place of publication Meerut
Name of publisher Arihant Pub.
Year of publication 2025
650 ## - SUBJECT ADDED ENTRY--TOPICAL TERM
Topical Term G.S.
942 ## - ADDED ENTRY ELEMENTS (KOHA)
Koha item type Competitive Books
Holdings
Withdrawn status Lost status Damaged status Not for loan Home library Current library Date acquired Full call number Accession Number Cost, replacement price Price effective from Koha item type
        MACL MACL 18/09/2025 160 DPI003786 675.00 18/09/2025 Competitive Books